|
|
|
|
| LEADER |
00000cac a2200000 i 4500 |
| 001 |
74773 |
| 003 |
Ucuenca |
| 005 |
20230308212551.0 |
| 008 |
000000|1989 sp |||||r|||||||||||spa|| |
| 999 |
|
|
|c 122525
|d 122525
|
| 020 |
|
|
|a 8477410224
|
| 040 |
|
|
|b spa
|a UCuenca-cdrjbv
|c UCuenca
|e rda
|
| 041 |
0 |
|
|a spa
|
| 082 |
0 |
|
|a 674
|
| 110 |
2 |
|
|a Atrium.
|9 186636
|
| 245 |
|
|
|a Biblioteca Atrium de la madera: la madera
|c Atrium
|
| 264 |
|
|
|a Barcelona
|b Atrium
|c 1989
|
| 300 |
|
|
|a 117 páginas:
|b ilu
|c 30 cm
|
| 336 |
|
|
|2 rdacontent
|a texto
|b txt
|
| 337 |
|
|
|2 rdamedia
|a no mediado
|b n
|
| 338 |
|
|
|2 rdacarrier
|a volumen
|b nc
|
| 490 |
|
|
|a Técnica de Bibliotecas Profesionales
|n tomo 1
|
| 650 |
1 |
|
|a Tecnologia de la madera
|9 35557
|
| 650 |
1 |
|
|a Madera
|9 944
|
| 852 |
|
|
|a UC-CDJBV
|f Compra
|l 1
|m General
|p 00000000
|q 1.00
|t 74773
|b 0
|d CDRC
|e CDRC
|g 674
|z 0000-00-00
|
| 942 |
|
|
|c CR
|0 2
|2 ddc
|